Statistiques concernant Touts les Jeux Call Of Duty

Cliquez ici pour prendre le quiz!

Statistiques générales

  • Ce quiz a été pris 402 fois
  • Le résultat moyen est 14 sur 20

Statistiques - réponses

AnnéeJeux% Correct
2010Call of Duty Black Ops
98%
2007Call of Duty 4 Modern Warfare
94%
2012Call of Duty Black Ops II
94%
2019Call of duty Modern Warfare
94%
2015Call of Duty Black Ops III
92%
2003Call of Duty
86%
2018Call of Duty Black Ops IIII
86%
2009Call of Duty Modern Warfare 2
86%
2011Call of Duty Modern Warfare 3
85%
2020Call of Duty Black Ops Cold War
72%
2005Call of Duty 2
71%
2006Call of Duty 3
70%
2014Call of Duty Advanced Warfare
68%
2017Call of Duty World War 2
67%
2016Call of Duty Infinite Warfare
60%
2008Call of Duty World at War
59%
2013Call of Duty Ghosts
58%
2021Call of Duty Vanguard
54%
2022Call of Duty Modern Warfare II
27%
2023Call of Duty Modern Warfare III
24%

Distribution des résultats

Percentile par nombre de réponses

% des personnes avec chaque résultat

Votre développement - résultats

Vous n’avez pas pris ce quiz